[Event "Challenge"]
[Site "http://www.queenalice.com/game.php?id=691984"]
[Date "2009.12.2"]
[Round "-"]
[White "fbafelipe"]
[Black "shogun"]
[Result "0-1"]
[WhiteElo "1926"]
[BlackElo "2630"]

1. c4 Nf6 2. Nc3 e6 3. Nf3 d5 4. cxd5 exd5 5. e3 Bd6 6. g3 O-O 7. Bg2 Nc6 8. O-O
Bf5 9. d3 Qd7 10. Re1 Rfe8 11. Nxd5 Nxd5 12. e4 Be6 13. exd5 Bxd5 14. a3 Rxe1+
15. Qxe1 Re8 16. Qc3 Ne5 17. d4 Nxf3+ 18. Bxf3 Bxf3 19. Qxf3 Re1+ 20. Kg2 Qb5
21. h4 Qf1+ 22. Kh2 Re2 23. Be3 Rxe3 24. Qxe3 Qxa1 25. b4 g6 26. Qe8+ Kg7 27.
Qa4 Qxd4 28. Kg2 c5 29. Qxa7 Qe4+ 30. Kh2 c4 0-1

[Event "Challenge"]
[Site "http://www.queenalice.com/game.php?id=696461"]
[Date "2009.12.11"]
[Round "-"]
[White "fbn"]
[Black "fbafelipe"]
[Result "0-1"]
[WhiteElo "1861"]
[BlackElo "1912"]

1. e4 c5 2. Nc3 d6 3. d4 cxd4 4. Qxd4 Nc6 5. Bb5 Bd7 6. Bxc6 Bxc6 7. Nf3 Nf6 8.
O-O e5 9. Qd3 Ng4 10. h3 h5 11. hxg4 hxg4 12. Nh2 Qh4 13. Qg3 Be7 14. Qxh4 Rxh4
15. g3 Rh3 16. Kg2 f5 17. f3 O-O-O 18. Nd5 Bxd5 19. exd5 Rdh8 20. fxg4 Rxh2+ 21.
Kf3 e4+ 22. Kf4 g5+ 23. Ke3 fxg4 24. Kxe4 Rxc2 25. Rf7 Rh1 26. Rg7 Rcxc1 0-1

[Event "Challenge"]
[Site "http://www.queenalice.com/game.php?id=700585"]
[Date "2009.12.20"]
[Round "-"]
[White "fbafelipe"]
[Black "Jimbo48"]
[Result "1-0"]
[WhiteElo "1912"]
[BlackElo "1867"]

1. e4 e5 2. Nf3 d6 3. Bc4 h6 4. Nc3 Nf6 5. d3 Be7 6. O-O O-O 7. Be3 Nc6 8. Qd2
Ng4 9. Nd5 Nxe3 10. fxe3 Bg5 11. Nxg5 Qxg5 12. Nxc7 Rb8 13. Rf3 Bg4 14. Rg3 Qh4
15. Qf2 Rbc8 16. Nd5 Be6 17. Rxg7+ Kxg7 18. Qxh4 f5 19. exf5 Bxf5 20. Rf1 Bg6
21. Ne7 Rxf1+ 22. Kxf1 Rf8+ 23. Kg1 Nxe7 24. Qxe7+ Bf7 25. Bxf7 Rxf7 26. Qxd6 b6
27. Qxe5+ Kg8 28. e4 a5 29. c4 a4 30. Qb8+ Kg7 31. Qxb6 1-0

[Event "Challenge"]
[Site "http://www.queenalice.com/game.php?id=704678"]
[Date "2009.12.28"]
[Round "-"]
[White "fbafelipe"]
[Black "sivic79"]
[Result "0-1"]
[WhiteElo "1909"]
[BlackElo "1866"]

1. e4 e6 2. Nf3 d6 3. d4 h6 4. Nc3 Nf6 5. Bd3 Be7 6. O-O O-O 7. Be3 Nbd7 8. Qd2
Ng4 9. Bf4 e5 10. dxe5 dxe5 11. Bg3 Bd6 12. Nd5 c6 13. h3 cxd5 14. hxg4 d4 15.
Bb5 Nc5 16. Nxe5 Nxe4 17. Qxd4 Nxg3 18. fxg3 Bxe5 19. Qxe5 Bxg4 20. Qe4 Bh5 21.
Bd3 Bg6 22. Qxb7 Qd4+ 23. Kh1 Bxd3 24. Rfd1 Be4 25. Qe7 Qc4 26. b3 Qe6 27. Qb4
Qf5 28. Rf1 Qh3+ 0-1

[Event "Challenge"]
[Site "http://www.queenalice.com/game.php?id=710133"]
[Date "2010.1.8"]
[Round "-"]
[White "Aguinaldo"]
[Black "fbafelipe"]
[Result "0-1"]
[WhiteElo "1807"]
[BlackElo "1891"]

1. e4 c5 2. Nf3 d6 3. Bb5+ Nd7 4. O-O a6 5. Bc4 e6 6. d4 cxd4 7. Nxd4 Ngf6 8.
Bg5 Be7 9. Nd2 b5 10. Nc6 Qc7 11. Nxe7 bxc4 12. Nxc8 Rxc8 13. c3 h6 14. Be3 O-O
15. f3 Ne5 16. Bd4 Qe7 17. Bxe5 dxe5 18. Qe2 Qc5+ 19. Qf2 Nh5 20. Qxc5 Rxc5 21.
g3 Rd8 22. Rf2 f5 23. Rc1 Kf7 24. b4 Rc6 25. Rc2 Nf6 26. Kg2 g5 27. a4 f4 28. g4
Nd7 29. Nb1 Nb6 30. b5 axb5 31. axb5 Rc5 32. Rb2 Rd3 33. Rfc2 Ke7 34. Rb4 Kd7
35. Ra2 Kc7 36. Ra7+ Kb8 37. Rh7 Rd1 38. Rxh6 Kb7 39. Rxe6 Na4 40. Re7+ Kb6 41.
Rg7 Rxb5 42. Rxb5+ Kxb5 43. Na3+ Kc6 44. Nxc4 Nxc3 45. Nxe5+ Kc5 46. Rxg5 Kd4
47. h4 Rd2+ 48. Kh3 Nd1 49. Nc6+ Ke3 50. h5 Nf2+ 51. Kh4 Nxe4 52. Re5 Rh2# 0-1

[Event "Challenge"]
[Site "http://www.queenalice.com/game.php?id=717465"]
[Date "2010.1.21"]
[Round "-"]
[White "aurorazzbcn"]
[Black "fbafelipe"]
[Result "1/2-1/2"]
[WhiteElo "1927"]
[BlackElo "1907"]

1. d4 d5 2. Bf4 Nf6 3. e3 Nc6 4. c3 Bf5 5. Be2 e6 6. Nd2 Bd6 7. Bxd6 cxd6 8.
Ngf3 O-O 9. O-O Ne4 10. Nxe4 Bxe4 11. Nd2 Bg6 12. Bf3 Qa5 13. e4 Rfe8 14. exd5
exd5 15. Qb3 Ne7 16. Rfe1 h6 17. Re3 Nf5 18. Rxe8+ Rxe8 19. Bxd5 Nxd4 20. Qxb7
Ne2+ 21. Kh1 Nxc3 22. Bb3 d5 23. bxc3 Qxc3 24. Rd1 Qxd2 25. h3 Re1+ 26. Rxe1
Qxe1+ 27. Kh2 d4 28. Qxa7 Qxf2 29. Qb8+ Kh7 30. Qg3 Qb2 31. Qf3 d3 32. Bxf7 Bxf7
33. Qxf7 d2 34. Qf5+ g6 35. Qf7+ Qg7 36. Qd5 Qc7+ 37. g3 Qc3 38. Qd7+ Kg8 39.
Qd8+ Kf7 40. Qd7+ Kf6 41. Qd6+ Kf5 42. Qd5+ Kf6 43. Qd6+ Kf5 44. Qd5+ Kf6
1/2-1/2

[Event "Challenge"]
[Site "http://www.queenalice.com/game.php?id=718149"]
[Date "2010.1.22"]
[Round "-"]
[White "ymfrancois"]
[Black "fbafelipe"]
[Result "1-0"]
[WhiteElo "1849"]
[BlackElo "1903"]

1. e4 c5 2. d3 Nc6 3. c4 d6 4. Be2 Nf6 5. Nf3 Bg4 6. Nh4 Nd4 7. Bxg4 Nxg4 8. h3
Nf6 9. O-O e6 10. Nd2 Nxe4 11. Nxe4 Qxh4 12. Bg5 Qxg5 13. Nxg5 Be7 14. Ne4 O-O
15. Nd2 f5 16. Nb3 Rf6 17. Nxd4 cxd4 18. f4 Rg6 19. Qb3 b6 20. Qb5 Rf8 21. Qa6
Rg3 22. Qxa7 Bh4 23. Qxb6 e5 24. Qxd6 Rxd3 25. Qxe5 Rd2 26. b3 d3 27. Qd5+ Kh8
28. Rfd1 Bf2+ 29. Kh1 Be3 30. Rxd2 Bxd2 31. Qxd3 Bxf4 32. Rf1 g5 33. g3 Be5 34.
Rxf5 1-0

[Event "Avatar"]
[Site "http://www.queenalice.com/game.php?id=726000"]
[Date "2010.2.5"]
[Round "-"]
[White "fbafelipe"]
[Black "bobifixer"]
[Result "1-0"]
[WhiteElo "1888"]
[BlackElo "1856"]

1. e4 c5 2. Nf3 d6 3. d4 cxd4 4. Nxd4 Nf6 5. Nc3 a6 6. Bc4 e6 7. Bg5 Be7 8. Qd2
b5 9. Bb3 Bb7 10. a3 Nxe4 11. Nxe4 Bxe4 12. Bxe7 Qxe7 13. O-O-O O-O 14. f3 Bg6
15. f4 d5 16. Rhf1 Qc5 17. f5 exf5 18. Nxf5 Nc6 19. Qxd5 Qxd5 20. Bxd5 Bxf5 21.
Bxc6 Rac8 22. Rxf5 Rxc6 23. b4 Rfc8 24. Rc5 g6 25. Rxc6 Rxc6 26. h4 h5 27. Kb2
Re6 28. g3 Kg7 29. Rd3 Kf6 30. Rf3+ Ke7 31. Kb3 f5 32. c4 bxc4+ 33. Kxc4 Kd6 34.
a4 Kc6 35. b5+ axb5+ 36. axb5+ Kb6 37. Kd5 Re1 38. Rb3 Re2 39. Kd4 Re1 40. Re3
Rb1 41. Re6+ Kxb5 42. Rxg6 Rb4+ 43. Ke5 1-0

[Event "Challenge"]
[Site "http://www.queenalice.com/game.php?id=726240"]
[Date "2010.2.5"]
[Round "-"]
[White "talisman77"]
[Black "fbafelipe"]
[Result "0-1"]
[WhiteElo "1825"]
[BlackElo "1910"]

1. d4 d5 2. c4 e6 3. Nc3 Nf6 4. e3 Nc6 5. Nf3 Bb4 6. Bd2 Bd7 7. cxd5 exd5 8. Bd3
Bxc3 9. Bxc3 Qe7 10. Qb3 b6 11. O-O O-O 12. Rfe1 Be6 13. Qc2 h6 14. Rac1 Rac8
15. e4 Nxe4 16. Bxe4 dxe4 17. Rxe4 Qd6 18. Rd1 Bf5 19. Qe2 Bxe4 20. Qxe4 Rfe8
21. Qc2 Nb4 22. Qb3 a5 23. Ne5 Nd5 24. Rd3 Qe6 25. Bd2 Nb4 26. Qxe6 Rxe6 27.
Bxb4 axb4 28. f4 c5 29. d5 Rf6 30. g3 Re8 31. d6 Rd8 32. d7 Re6 33. Rd5 f5 34.
Kf2 Kf8 35. Ke3 Ke7 36. Kf3 Rf6 37. h3 Ra8 38. g4 fxg4+ 39. hxg4 Rd6 40. Ke4
Rxd5 41. Kxd5 Rxa2 42. Kc6 Rxb2 43. Kc7 Rd2 44. Nc6+ Kf6 45. d8=Q+ Rxd8 46. Nxd8
b3 0-1

[Event "Challenge"]
[Site "http://www.queenalice.com/game.php?id=734258"]
[Date "2010.2.19"]
[Round "-"]
[White "babycrocket"]
[Black "fbafelipe"]
[Result "1-0"]
[WhiteElo "1802"]
[BlackElo "1923"]

1. e4 c5 2. d3 d6 3. h3 Nf6 4. c3 e6 5. a3 Be7 6. Nf3 Nbd7 7. b4 b6 8. Nbd2 Bb7
9. Qc2 O-O 10. Be2 Qc7 11. Nf1 h6 12. Bd2 d5 13. exd5 Nxd5 14. Ne3 Nf4 15. Qd1
Nxe2 16. Qxe2 Rad8 17. O-O Ne5 18. Nxe5 Qxe5 19. Bc1 Bd6 20. f4 Qxc3 21. Bb2 Qb3
22. Rab1 Qa4 23. f5 exf5 24. Nxf5 cxb4 25. Bxg7 bxa3 26. Bxf8 Bxf8 27. Rfc1 Bc8
28. Rc4 Qd7 29. Rd4 Bc5 30. Qg4+ Kf8 31. Qg7+ Ke8 32. Qg8+ Bf8 33. Re4+ Qe6 34.
Rxe6+ Bxe6 35. Ng7+ Kd7 36. Nxe6 Kxe6 37. Qg4+ f5 38. Qe2+ Kf6 39. Rb3 Rd4 40.
Qa2 Bc5 41. Kf1 a5 42. Ke2 Kg5 43. Rxa3 Bxa3 44. Qxa3 f4 45. Kf3 h5 46. Qe7+ Kf5
47. Qf7+ Ke5 48. Qxh5+ Kd6 49. Qb5 Rb4 50. Qxb4+ axb4 51. Ke2 Kd5 52. Kd2 Kd4
53. h4 b3 54. h5 b2 55. Kc2 Ke5 56. d4+ Kf6 57. d5 Kg5 58. d6 Kxh5 59. d7 1-0

[Event "luiz_gustavo"]
[Site "http://www.queenalice.com/game.php?id=744185"]
[Date "2010.3.10"]
[Round "1"]
[White "fbafelipe"]
[Black "erivaldoadao"]
[Result "0-1"]
[WhiteElo "1902"]
[BlackElo "1940"]

1. e4 e5 2. Nf3 Nf6 3. Nxe5 Qe7 4. d4 d6 5. Nf3 Nxe4 6. Be2 Bg4 7. O-O Nd7 8.
Nc3 Nxc3 9. bxc3 O-O-O 10. h3 Re8 11. Be3 Bf5 12. Re1 Be4 13. d5 a6 14. Ba7 f5
15. Qd4 Bxf3 16. Bxf3 Qxe1+ 17. Rxe1 Rxe1+ 18. Kh2 Ne5 19. Qf4 b6 20. Qa4 Kb7
21. Bxb6 cxb6 22. Bh5 g6 23. f4 Re4 24. c4 Rxc4 25. Qb3 Rxf4 26. Be2 Be7 27. a4
Rc8 28. a5 Bd8 29. axb6 Bxb6 30. Qa3 a5 31. Qxd6 Re4 32. Bf3 Nxf3+ 33. gxf3
Rxc2+ 34. Kg3 Bc7 0-1

[Event "Challenge"]
[Site "http://www.queenalice.com/game.php?id=754103"]
[Date "2010.3.31"]
[Round "-"]
[White "Sabaak_No_Gaara"]
[Black "fbafelipe"]
[Result "1-0"]
[WhiteElo "1897"]
[BlackElo "1908"]

1. b4 e5 2. Bb2 Bxb4 3. Bxe5 Nf6 4. Nf3 Nc6 5. Bb2 d5 6. g3 Bg4 7. Bg2 O-O 8.
O-O Re8 9. Re1 Qd7 10. Bxf6 gxf6 11. c3 Ba5 12. Na3 Ne5 13. Nc2 Nxf3+ 14. exf3
Bh5 15. Ne3 c6 16. Ng4 Bxg4 17. Rxe8+ Rxe8 18. fxg4 Bb6 19. h4 h6 20. Bh3 Qe7
21. Bf1 Kh8 22. Bd3 Qe5 23. Kg2 d4 24. c4 c5 25. Qf3 Qe7 26. Qf5 1-0

[Event "Challenge"]
[Site "http://www.queenalice.com/game.php?id=754104"]
[Date "2010.3.31"]
[Round "-"]
[White "fbafelipe"]
[Black "Sabaak_No_Gaara"]
[Result "0-1"]
[WhiteElo "1892"]
[BlackElo "1951"]

1. e4 d6 2. Nf3 Nf6 3. Nc3 g6 4. d4 Bg7 5. Be2 O-O 6. O-O c6 7. Bg5 b5 8. h3 b4
9. Na4 Nxe4 10. Qd3 Nxg5 11. Nxg5 Bf5 12. Qg3 Bxc2 13. b3 h6 14. Nf3 Be4 15.
Rfe1 Bxf3 16. Qxf3 Bxd4 17. Bc4 d5 18. Bd3 Kg7 19. Rad1 e5 20. Qg3 Qf6 21. Re2
Nd7 22. Kh1 Rae8 23. Rde1 e4 24. Bb1 Ne5 25. f4 Nd7 26. Qg4 Qe6 27. Qg3 f5 28.
Rd1 c5 29. h4 Rf6 30. h5 Kf7 31. hxg6+ Rxg6 32. Qh3 Reg8 33. Nb2 Qf6 34. Rdd2
Rg4 35. g3 Rxg3 36. Qh5+ Ke6 37. Na4 R3g4 38. Rh2 Rg1# 0-1

[Event "Challenge"]
[Site "http://www.queenalice.com/game.php?id=755680"]
[Date "2010.4.3"]
[Round "-"]
[White "Gil"]
[Black "fbafelipe"]
[Result "0-1"]
[WhiteElo "1445"]
[BlackElo "1905"]

1. d4 d5 2. Nf3 Nc6 3. e3 Nf6 4. c4 Bf5 5. Nc3 e6 6. cxd5 exd5 7. Bb5 a6 8. Ba4
b5 9. Bc2 Bg4 10. h3 Bh5 11. g4 Bg6 12. Bxg6 fxg6 13. Bd2 Bd6 14. Qb3 Ne7 15.
O-O O-O 16. Rac1 h6 17. Ne5 Bxe5 18. dxe5 Ne4 0-1

[Event "Challenge"]
[Site "http://www.queenalice.com/game.php?id=755681"]
[Date "2010.4.3"]
[Round "-"]
[White "fbafelipe"]
[Black "Gil"]
[Result "1-0"]
[WhiteElo "1903"]
[BlackElo "1459"]

1. e4 b6 2. Bc4 Bb7 3. Nc3 Nc6 4. Nf3 d6 5. d4 e5 6. d5 Nce7 7. O-O Nf6 8. Re1
h6 9. a3 Ng6 10. Na2 Qd7 11. h3 O-O-O 12. Qd3 Nf4 13. Bxf4 exf4 14. Ba6 g5 15.
Nd4 Bg7 16. Nf5 Rhg8 17. Bb5 c6 18. dxc6 1-0

[Event "Challenge"]
[Site "http://www.queenalice.com/game.php?id=757076"]
[Date "2010.4.6"]
[Round "-"]
[White "fbn"]
[Black "fbafelipe"]
[Result "0-1"]
[WhiteElo "1859"]
[BlackElo "1878"]

1. e4 c5 2. Nc3 d6 3. Nf3 Bg4 4. Be2 Nf6 5. d3 h6 6. O-O e6 7. d4 cxd4 8. Qxd4
Nc6 9. Qd3 a6 10. Nd4 Bxe2 11. Ndxe2 Ne5 12. Qd4 Be7 13. f4 Ng6 14. e5 dxe5 15.
Qa4+ b5 16. Qb3 exf4 17. Bxf4 Nxf4 18. Nxf4 O-O 19. Rad1 Qb6+ 20. Kh1 Rfd8 21.
Rxd8+ Rxd8 22. a4 b4 23. h3 Qc6 24. Na2 a5 25. Rc1 Bd6 26. Ne2 Qe4 27. Qf3 Qxf3
28. gxf3 Be5 29. b3 Rd2 30. Re1 Rxc2 0-1

[Event "luiz_gustavo"]
[Site "http://www.queenalice.com/game.php?id=769505"]
[Date "2010.5.2"]
[Round "2"]
[White "luiz_gustavo"]
[Black "fbafelipe"]
[Result "0-1"]
[WhiteElo "1810"]
[BlackElo "1907"]

1. e4 c5 2. Nf3 d6 3. Bc4 e6 4. Nc3 a6 5. O-O Nd7 6. Re1 Ngf6 7. d3 h6 8. h3 g6
9. a3 Bg7 10. Bf4 Nb6 11. Bb3 O-O 12. d4 cxd4 13. Na2 g5 14. Bh2 e5 15. Qe2 Nbd7
16. Rad1 b5 17. c3 Nc5 18. Bc2 dxc3 19. Nxc3 Qb6 20. b4 Ne6 21. Rd2 Bb7 22. Red1
Rfd8 23. Bb3 Rac8 24. Nd5 Nxd5 25. Bxd5 Bxd5 26. Rxd5 Rc3 27. Qb2 Qc6 28. Rxd6
Rxd6 0-1

[Event "Challenge"]
[Site "http://www.queenalice.com/game.php?id=783210"]
[Date "2010.5.31"]
[Round "-"]
[White "fbafelipe"]
[Black "Esvir"]
[Result "1/2-1/2"]
[WhiteElo "1919"]
[BlackElo "1869"]

1. e4 e5 2. Nf3 d6 3. h3 Nf6 4. Nc3 c5 5. Bc4 h6 6. d3 Be7 7. O-O Nc6 8. a3 O-O
9. Be3 a6 10. Nd5 b5 11. Nxe7+ Qxe7 12. Ba2 Nd4 13. c3 Ne6 14. Re1 Bb7 15. Nh2
Rad8 16. Ng4 c4 17. Nxf6+ Qxf6 18. dxc4 Bxe4 19. cxb5 axb5 20. Bxh6 Qg6 21. Qg4
Qxg4 22. hxg4 Bd3 23. Be3 d5 24. Red1 e4 25. f3 f5 26. gxf5 Rxf5 27. fxe4 Bxe4
28. Rd2 Kf7 29. Rad1 Ke7 30. b3 Ra8 31. c4 bxc4 32. bxc4 Rxa3 33. cxd5 Rxe3 34.
dxe6 Bc6 35. Rd6 Re1+ 36. Rxe1 Kxd6 37. Rf1 Rxf1+ 38. Kxf1 Be4 39. Kf2 Bf5 40.
Kf3 Bxe6 1/2-1/2

[Event "Challenge"]
[Site "http://www.queenalice.com/game.php?id=787509"]
[Date "2010.6.9"]
[Round "-"]
[White "Xmen"]
[Black "fbafelipe"]
[Result "0-1"]
[WhiteElo "1832"]
[BlackElo "1893"]

1. e4 c5 2. Nf3 d6 3. d4 cxd4 4. Nxd4 Nf6 5. Bb5+ Nbd7 6. Nc3 h6 7. O-O e6 8. f4
a6 9. e5 axb5 10. exf6 Nxf6 11. Ncxb5 e5 12. fxe5 dxe5 13. Qe2 Qe7 14. Nf5 Qc5+
15. Kh1 e4 16. Be3 Qe5 17. Bd4 Qb8 18. Bxf6 gxf6 19. Qxe4+ Be6 20. Rf3 Qe5 21.
Re1 Qxe4 22. Rxe4 Rxa2 23. g4 Bc5 24. Nbd6+ Bxd6 25. Nxd6+ Kd7 26. Nxb7 Kc7 27.
Rb4 Bd5 28. Kg2 Bxb7 29. Rxb7+ Kxb7 30. Rxf6 Rh7 31. h4 Rxb2 32. Rf2 Rg7 33. Kg3
Kc6 34. Rf6+ Kd5 35. Rxh6 Rxc2 36. Rh5+ Ke4 37. Rf5 Rc3+ 38. Kf2 Rxg4 39. Rxf7
Rf4+ 40. Rxf4+ Kxf4 41. h5 Rh3 0-1

[Event "Challenge"]
[Site "http://www.queenalice.com/game.php?id=787560"]
[Date "2010.6.9"]
[Round "-"]
[White "Ares23"]
[Black "fbafelipe"]
[Result "1-0"]
[WhiteElo "1348"]
[BlackElo "1893"]

1. e4 c5 2. Nf3 d6 3. d4 cxd4 4. Nxd4 Nf6 5. Nc3 h6 6. Bb5+ Nbd7 7. O-O e6 8. b3
a6 9. Bxd7+ Bxd7 10. f3 g5 11. g4 Bg7 12. Ba3 Qb6 13. Na4 Qa7 14. Bxd6 Nxe4 15.
fxe4 Bxd4+ 16. Kh1 Bxa1 17. Qxa1 O-O-O 18. Qc3+ Bc6 19. Bc5 Qxc5 20. Nxc5 Rd6
21. Qxh8+ Kc7 22. Qxh6 1-0

[Event "Challenge"]
[Site "http://www.queenalice.com/game.php?id=794411"]
[Date "2010.6.24"]
[Round "-"]
[White "ymfrancois"]
[Black "fbafelipe"]
[Result "0-1"]
[WhiteElo "1799"]
[BlackElo "1918"]

1. e4 c5 2. c4 d6 3. Be2 Nf6 4. d3 h6 5. Nf3 Nbd7 6. Bd2 g5 7. Qa4 Bg7 8. Bc3
O-O 9. O-O Nb6 10. Qd1 Bd7 11. Qc1 Na4 12. b3 Nxc3 13. Nxc3 Qa5 14. Nd2 Ng4 15.
Bxg4 Bxg4 16. f3 Bxc3 17. b4 Qxb4 18. a3 Bxd2 19. axb4 Bxc1 20. Rfxc1 Bh5 21. g4
Bg6 22. b5 a5 23. Kg2 b6 24. Kg3 e6 25. h4 f5 26. exf5 exf5 27. gxf5 Rxf5 28.
hxg5 hxg5 29. Kg4 Raf8 30. Rf1 Re5 31. Rfe1 Rf4+ 32. Kg3 Rxe1 33. Rxe1 Bxd3 34.
Re6 Bxc4 35. Rg6+ Kf7 36. Rxg5 Rf6 37. f4 Rg6 38. Kh4 Rxg5 0-1

[Event "Challenge"]
[Site "http://www.queenalice.com/game.php?id=794412"]
[Date "2010.6.24"]
[Round "-"]
[White "fbafelipe"]
[Black "ymfrancois"]
[Result "0-1"]
[WhiteElo "1929"]
[BlackElo "1788"]

1. e4 e5 2. Nf3 Nf6 3. Nxe5 d6 4. Nf3 Nxe4 5. d3 Nf6 6. h3 Be7 7. Nc3 O-O 8. Be2
d5 9. d4 h6 10. O-O Nc6 11. Re1 Be6 12. a3 Na5 13. Ne5 Nc6 14. Nxc6 bxc6 15. Na2
c5 16. Be3 cxd4 17. Qxd4 c5 18. Qd2 Ne4 19. Qc1 Bg5 20. f3 Bxe3+ 21. Qxe3 Ng3
22. Qxc5 Qh4 23. Qb4 d4 24. c3 Nf5 25. cxd4 Qg5 26. Nc3 Ne3 27. Kf2 Nc2 28. Qd6
Qe3+ 29. Kf1 Nxa1 30. Rxa1 Rfd8 31. Qc6 Qxd4 32. Rd1 Qb6 33. Rxd8+ Rxd8 34. Qxb6
axb6 35. Kf2 Rc8 36. h4 f5 37. f4 Kf7 38. g3 Kf6 39. Nb5 Rc2 40. b4 Bc4 41. Nd4
Ra2 42. Ke1 Bxe2 43. Nxe2 Rxa3 44. Nd4 Rxg3 45. Nb5 Rg4 46. Nc7 Rxh4 47. Ke2 g5
48. fxg5+ hxg5 49. b5 Ke5 50. Na8 Rb4 51. Nc7 f4 0-1

[Event "luiz_gustavo"]
[Site "http://www.queenalice.com/game.php?id=795281"]
[Date "2010.6.26"]
[Round "3"]
[White "Antonino"]
[Black "fbafelipe"]
[Result "1/2-1/2"]
[WhiteElo "1930"]
[BlackElo "1917"]

1. e4 c5 2. c3 d6 3. Nf3 Nf6 4. Be2 Nbd7 5. d3 h6 6. Na3 a6 7. Be3 g5 8. h3 Bg7
9. Qd2 b5 10. Nc2 Bb7 11. Nh2 c4 12. f3 Ne5 13. Ng4 cxd3 14. Bxd3 Nxd3+ 15. Qxd3
O-O 16. O-O-O Rc8 17. h4 Nxg4 18. fxg4 f6 19. hxg5 fxg5 20. Bxg5 hxg5 21. e5
Bxg2 22. e6 Bxh1 23. Rxh1 Rf6 24. Nd4 Rh6 25. Rxh6 Bxh6 26. Qg6+ Bg7 27. Nf5 Qf8
28. Nh6+ Kh8 29. Nf7+ Kg8 30. Qxg5 Kh7 31. Qf5+ Kg8 32. Qg6 Rc4 33. Nh6+ Kh8 34.
Nf7+ 1/2-1/2